书目信息 |
| 题名: |
政治经济学
|
|
| 作者: | 鲁缅采夫, 主编 ;毛蓉芳 译 | |
| 分册: | 下 | |
| 出版信息: | 长春 吉林人民出版社 1981 |
|
| 页数: | 356页 | |
| 开本: | 20cm | |
| 丛书名: | ||
| 单 册: | ||
| 中图分类: | F0-0 , F0 | |
| 科图分类: | ||
| 主题词: | 政治经济学--教材 | |
| 电子资源: | ||
| ISBN: | ||
| 000 | 00933nam0 2200289 450 | |
| 001 | 1554472736 | |
| 005 | 20150118150846.09 | |
| 091 | @a4091.161@b上册@dCNY1.42 | |
| 100 | @a20090522d1981 em y0chiy0121 ea | |
| 101 | 1 | @achi@crus |
| 102 | @aCN@b220000 | |
| 105 | @ay z 000yy | |
| 200 | 1 | @a政治经济学@9zheng zhi jing ji xue@e教科书@h下@f(苏) А·М·鲁缅采夫主编@g毛蓉芳 ... [等] 译 |
| 210 | @a长春@c吉林人民出版社@d1981 | |
| 215 | @a356页@d20cm | |
| 300 | @a本书经苏联高等和中等专业教育部审定作为非经济高等院校教科书 | |
| 305 | @a根据苏联政治书籍出版社1979年版译出 | |
| 306 | @a限国内发行 | |
| 312 | @a俄文并列题名取自版权页 | |
| 510 | 1 | @aПолитическая экономия@zrus |
| 606 | 0 | @a政治经济学@j教材 |
| 690 | @aF0-0@v5 | |
| 690 | @aF0@v4 | |
| 701 | 1 | @a鲁缅采夫,@9lu mian cai fu@bA·М@4主编 |
| 702 | 0 | @a毛蓉芳@9mao rong fang@4译 |
| 801 | 0 | @aCN@bTSSF@c20150115 |
| 905 | @aZUCC@dF0@eJY29:2 | |
| 政治经济学:教科书.下/(苏) А·М·鲁缅采夫主编/毛蓉芳 ... [等] 译.-长春:吉林人民出版社,1981 |
| 356页;20cm |
| 本书经苏联高等和中等专业教育部审定作为非经济高等院校教科书 |
| ISBN : |
| ● |
| 相关链接 |
|
|
|
|
正题名:政治经济学
索取号:F0/JY29:2
 
预约/预借
| 序号 | 登录号 | 条形码 | 馆藏地/架位号 | 状态 | 备注 |
| 1 | 7835734 | 278357341 | 学院路分馆/ [索取号:F0/JY29:2] | 在馆 |